Strike the father dead

Bewaard in:
Bibliografische gegevens
Hoofdauteur: Wain, John (Auteur)
Formaat: Boek
Taal:Engels
Gepubliceerd in: Londres Reprint Society 1962
Onderwerpen:
Tags: Voeg label toe
Geen labels, Wees de eerste die dit record labelt!

MARC

LEADER 00000nam a2200000 a 4500
001 UCQ3777
003 CL-VaPUC
008 980828e19620000UK |||||||||||||||||eng|d
082 0 4 |a 823  |b WAI  |2 21 
100 0 |a Wain, John  |e author  |9 418019 
245 1 0 |a Strike the father dead 
300 |a 316 p 
942 |c BK 
945 |d 19980828 00:00:00  |a crobeson 
260 |a Londres  |b Reprint Society  |c 1962 
650 0 |a Novelas inglesas  |9 265220 
650 0 |a Literatura inglesa  |9 312907 
583 |a last modification  |c 19980828 00:00:00  |k Rodrigo Vera 
999 |c 274292  |d 274290 
952 |0 0  |1 0  |4 0  |6 823_000000000000000_WAI_1962  |7 0  |8 A  |9 310428  |a BIBEDU  |b BIBEDU  |d 2019-11-20  |i 1458132  |o 823 WAI 1962  |p 1458132  |r 2019-11-20  |w 2019-11-20  |y BK  |k LIT